• 首页
  • 本馆介绍
  • 公告通知
  • 最新文献
  • 馆藏检索
  • 电子资源
  • 读者导购
  • 参考咨询
  • 我的图书馆
  • 登录
  • 详细信息显示
  • 放入我的书架
  • 预约/预借图书
  • 作者相关作品
  • 分类相关作品
  • 丛书相关作品
  • 出版社相关作品

书目信息

  • 表格格式
  • 工作单格式
  • 卡片格式
题名:
2014国家司法考试全攻略
    
 
作者: ;中国法制出版社 组编
分册: 8   国际法学
出版信息: 北京   中国法制出版社  2013
页数: 260页
开本: 26cm
丛书名:
单 册:
中图分类: D920.4 , D990
科图分类:
主题词: 法律--中国--考核--自学参考资料 , 国际法--法学--考核--自学参考资料 , 法律 , 国际法 , 法学
电子资源:
ISBN: 978-7-5093-4869-7
000 01185nam0 2200313 450
001 523
005 20140908080552.35
010    @a978-7-5093-4869-7@dCNY40.00
100    @a20131226d2013 em y0chiy50 ea
101 0  @achi
102    @aCN@b110000
105    @ay z 000yy
106    @ar
200 1  @a2014国家司法考试全攻略@A2014 Guo Jia Si Fa Kao Shi Quan Gong Lue@h8@i国际法学@IGuo Ji Fa Xue@f飞跃司考辅导中心组编@FFei Yue Si Kao Fu Dao Zhong Xin Zu Bian
210    @a北京@c中国法制出版社@d2013
215    @a260页@d26cm
300    @a2014飞跃司考必读法律法规系列 飞跃版
304    @a分册号取自书脊
330    @a本书在保证司考法条完整的基础上,将与国际法学相关的司法解释、实施条例等拆解,以“关联规定”形式融入主体法中,并辅之以“导读”、“常考法条归类提示”、“命题分析”、“强化自测”等栏目,对主体法进行解读。
606 0  @a法律@y中国@x考核@j自学参考资料
606 0  @a国际法@x法学@x考核@j自学参考资料
606 0  @a法律
606 0  @a国际法
606 0  @a法学
690    @aD920.4@v5
690    @aD990@v5
711 02 @a中国法制出版社@AZhong Guo Fa Zhi Chu Ban She@b飞跃司考辅导中心@4组编
801  0 @aCN@bTANGWEI@c20140603
905    @b0842204-06@dD920.4@e1053@f3
    
    2014国家司法考试全攻略.8.国际法学/飞跃司考辅导中心组编.-北京:中国法制出版社,2013
    260页;26cm
    2014飞跃司考必读法律法规系列 飞跃版
    
    ISBN 978-7-5093-4869-7:CNY40.00
    本书在保证司考法条完整的基础上,将与国际法学相关的司法解释、实施条例等拆解,以“关联规定”形式融入主体法中,并辅之以“导读”、“常考法条归类提示”、“命题分析”、“强化自测”等栏目,对主体法进行解读。
●
相关链接 在E读中查询图书 在五车中查询图书 在当当中查询图书 在豆瓣中查询图书


正题名:2014国家司法考试全攻略     索取号:D920.4/1053         预约/预借

序号 登录号 条形码 馆藏地/架位号 状态 备注
1 0842204   208422045   第一样本阅览室/ [索取号:D920.4/1053] 在馆    
2 0842205   208422054   第一借阅区/ [索取号:D920.4/1053] 在馆    
3 0842206   208422063   史法系资料室/ [索取号:D920.4/1053] 在馆    
唐山师范学院图书馆 欢迎您!
大连网信软件有限公司© 版权所有